| 000 | 00453nam a2200145 a 4500 | ||
|---|---|---|---|
| 001 | 000038462 | ||
| 005 | 20201002031251.0 | ||
| 008 | 130411s2001 dr 000 0 spa d | ||
| 040 |
_aDO-SdBNP _bspa _cBNPHU |
||
| 082 |
_axxxx _bxxx |
||
| 100 | 1 |
_aBalaguer Navarro, Ramón Emilio _964806 |
|
| 245 | 1 | 0 |
_aDiccionario : _busos, estilos y variedades. / _cRamón Emilio Balaguer Navarro. |
| 260 |
_aSanto Domingo : _bDigdiag, _c2001. |
||
| 300 |
_a307 p. ; _c23 cm. |
||
| 999 |
_c37952 _d37952 |
||